<?xml version="1.0" encoding="UTF-8"?>
<record
    xmlns:xsi="http://www.w3.org/2001/XMLSchema-instance"
    xsi:schemaLocation="http://www.loc.gov/MARC21/slim http://www.loc.gov/standards/marcxml/schema/MARC21slim.xsd"
    xmlns="http://www.loc.gov/MARC21/slim">

  <leader>01462nam a2200337 a 4500</leader>
  <controlfield tag="008">110701t2011    ag  |||f |||| 001 0 spa d</controlfield>
  <datafield tag="020" ind1=" " ind2=" ">
    <subfield code="a">9789501245677</subfield>
  </datafield>
  <datafield tag="041" ind1=" " ind2=" ">
    <subfield code="a">spa</subfield>
  </datafield>
  <datafield tag="092" ind1=" " ind2=" ">
    <subfield code="c">304.6</subfield>
    <subfield code="l">24</subfield>
    <subfield code="s">FAU</subfield>
  </datafield>
  <datafield tag="100" ind1="1" ind2=" ">
    <subfield code="a">Faundes, Anibal</subfield>
    <subfield code="9">3059</subfield>
  </datafield>
  <datafield tag="245" ind1=" " ind2="3">
    <subfield code="a">El drama del aborto.</subfield>
    <subfield code="b">En busca de un consenso /</subfield>
    <subfield code="c">An&#xED;bal Fa&#xFA;ndes</subfield>
  </datafield>
  <datafield tag="250" ind1=" " ind2=" ">
    <subfield code="a">1a ed.</subfield>
  </datafield>
  <datafield tag="260" ind1=" " ind2=" ">
    <subfield code="a">Buenos Aires:</subfield>
    <subfield code="b">Paid&#xF3;s;</subfield>
    <subfield code="c">2011.</subfield>
  </datafield>
  <datafield tag="300" ind1=" " ind2=" ">
    <subfield code="a">272 p.</subfield>
    <subfield code="c">21x13 cm.</subfield>
  </datafield>
  <datafield tag="500" ind1=" " ind2=" ">
    <subfield code="a">Faundes, A. y Barzelatto, J. (2011). El drama del aborto. En busca de un consenso. (1a ed.). Buenos Aires : Paidos.</subfield>
  </datafield>
  <datafield tag="653" ind1=" " ind2=" ">
    <subfield code="a">Escuchando a las mujeres: porqu&#xE9; decidieron abortar</subfield>
  </datafield>
  <datafield tag="653" ind1=" " ind2="3">
    <subfield code="a">El significado de las palabras</subfield>
  </datafield>
  <datafield tag="653" ind1=" " ind2="3">
    <subfield code="a">La magnitud de&#xF1; aborto inducido</subfield>
  </datafield>
  <datafield tag="653" ind1=" " ind2="1">
    <subfield code="a">&#xBF;Porqu&#xE9; las mujeres se embarazan cuando no lo desean?</subfield>
  </datafield>
  <datafield tag="653" ind1=" " ind2="1">
    <subfield code="a">&#xBF;Porqu&#xE9; un embarazo es tan poco deseado que termina en un aborto</subfield>
  </datafield>
  <datafield tag="653" ind1=" " ind2="4">
    <subfield code="a">Los profesionales de la salud frente a valores en conflicto</subfield>
  </datafield>
  <datafield tag="653" ind1=" " ind2=" ">
    <subfield code="a">Valores religiosos</subfield>
  </datafield>
  <datafield tag="653" ind1=" " ind2=" ">
    <subfield code="a">Valores &#xE9;ticos</subfield>
  </datafield>
  <datafield tag="653" ind1=" " ind2="4">
    <subfield code="a">Los valores tal como se reflejan en la legislaci&#xF3;n</subfield>
  </datafield>
  <datafield tag="653" ind1=" " ind2=" ">
    <subfield code="a">C&#xF3;mo reducir la cantidad de abortos</subfield>
  </datafield>
  <datafield tag="653" ind1=" " ind2=" ">
    <subfield code="a">C&#xF3;mo reducir el costo humano, social y econ&#xF3;mico del aborto</subfield>
  </datafield>
  <datafield tag="653" ind1=" " ind2="3">
    <subfield code="a">La paradoja: declararse "contra el aborto" y oponerse a la prevenci&#xF3;n de los embarazos no deseados</subfield>
  </datafield>
  <datafield tag="653" ind1=" " ind2=" ">
    <subfield code="a">Hacia un "consenso entrecruzado" en materia del aborto</subfield>
  </datafield>
  <datafield tag="700" ind1="1" ind2=" ">
    <subfield code="a">Barzelatto, Jos&#xE9;</subfield>
    <subfield code="e">Col.</subfield>
    <subfield code="9">3060</subfield>
  </datafield>
  <datafield tag="942" ind1=" " ind2=" ">
    <subfield code="2">ddc</subfield>
    <subfield code="c">BK</subfield>
  </datafield>
  <datafield tag="999" ind1=" " ind2=" ">
    <subfield code="c">2255</subfield>
    <subfield code="d">2255</subfield>
  </datafield>
  <datafield tag="952" ind1=" " ind2=" ">
    <subfield code="0">0</subfield>
    <subfield code="1">0</subfield>
    <subfield code="2">ddc</subfield>
    <subfield code="4">0</subfield>
    <subfield code="7">0</subfield>
    <subfield code="a">BFM</subfield>
    <subfield code="b">BFM</subfield>
    <subfield code="c">CR</subfield>
    <subfield code="d">2016-05-05</subfield>
    <subfield code="l">0</subfield>
    <subfield code="o">304.6</subfield>
    <subfield code="p">3582</subfield>
    <subfield code="r">2016-05-05</subfield>
    <subfield code="t">Ej.1</subfield>
    <subfield code="w">2016-05-05</subfield>
    <subfield code="y">BK</subfield>
  </datafield>
</record>
